000 01086cam a22002531i 4500
003 SA_RiAUC
005 20250713111118.0
008 250710s2013____su h g 010 0 ara c
040 _aSA-JeALM
_bara
_cSA-RiAUC
_erda
043 _aa-su---
082 0 4 _a370.9531181
_qSA-RiAUC
090 _a370.9531181
_bشو ي ع
100 1 _aالشويعر، محمد سعد
_eمؤلف.
245 1 0 _aمعالم النهضة العلمية والأدبية بشقراء حاضرة إقليم الوشم /
_cإعداد محمد بن سعد الشويعر.
264 1 _aالرياض :
_bمحمد سعد الشويعر،
_c2013
300 _a188 صفحة :
_bمثيليات ؛
_c24 سم
336 _aنص
_btxt
_2rdacontent
_3كتاب
337 _aبدون وسيط
_bn
_2rdamedia
338 _aمجلد
_bnc
_2rdacarrier
500 _aاهداء من المؤلف محمد الشويعر الى الشيخ رحمه الله في 13 / 2 / 1435 هـ
650 7 _aالتعليم
_zالسعودية
_zشقراء
_xتاريخ
_2aucsh
942 _2ddc
_cBOOK
_n0
949 _aSA-JeALM
_d250710
_uosman123
_n1
999 _c9866
_d9866